Statistiken für DFB Frauen WM Kader 2023

Klicken Sie hier um das Quiz zu spielen!

Allgemein

  • Dieses Quiz wurde 390 mal gespielt
  • Das Durchschnittsergebnis liegt bei 15 aus 24

Antwortstatistiken

#PositionAntwort% Korrekt
1TorMerle Frohms
98%
TrainerinMartina Voss-Tecklenburg
92%
11SturmAlexandra Popp
85%
12TorAnn-Katrin Berger
84%
6MittelfeldLena Oberdorf
79%
22MittelfeldJule Brand
76%
7SturmLea Schüller
73%
3AbwehrKathrin Hendrich
67%
10SturmLaura Freigang
67%
19SturmKlara Bühl
66%
5AbwehrMarina Hegering
65%
21TorStina Johannes
64%
9MittelfeldSvenja Huth
64%
17AbwehrFelicitas Rauch
63%
20MittelfeldLina Magull
60%
23AbwehrSara Doorsoun
59%
16SturmNicole Anyomi
55%
13MittelfeldSara Däbritz
55%
8MittelfeldSydney Lohmann
54%
4AbwehrSophia Kleinherne
50%
14MittelfeldLena Lattwein
47%
2AbwehrChantal Hagel
46%
18MittelfeldMelanie Leupolz
34%
15AbwehrSjoeke Nüsken
33%

Verteilung der Resultate

Perzentil nach korrekt beantworteten Fragen

Anzahl Personen mit jedem Resultat

Ihre Resultats-Entwicklung

Sie haben dieses Quiz noch nicht gespielt